ESPN Top 74 Basketball Players of All Time - Statistics

General Stats
  • This quiz has been taken 187 times
  • The average score is 45 of 74
Answer Stats
# Retired Answer % Correct
2 Active Lebron James
100%
1 2003 Michael Jordan
99%
9 2016 Kobe Bryant
98%
3 1989 Kareem Abdul-Jabbar
96%
10 2011 Shaquille O'Neal
93%
13 Active Stephen Curry
93%
5 1996 Magic Johnson
92%
14 Active Kevin Durant
91%
7 1992 Larry Bird
91%
6 1973 Wilt Chamberlain
91%
16 1974 Jerry West
90%
4 1969 Bill Russell
88%
19 2019 Dirk Nowitzki
87%
8 2016 Tim Duncan
86%
32 Active James Harden
82%
17 2004 Karl Malone
81%
42 Active Russell Westbrook
81%
26 2019 Dwyane Wade
80%
12 2002 Hakeem Olajuwon
80%
18 1995 Moses Malone
80%
21 2004 Scottie Pippen
78%
15 1987 Julius Erving
74%
20 2016 Kevin Garnett
73%
29 2010 Allen Iverson
71%
62 2000 Dennis Rodman
71%
30 2014 Steve Nash
71%
40 Active Chris Paul
70%
28 2003 John Stockton
70%
11 1974 Oscar Robertson
70%
24 2003 David Robinson
68%
25 Active Kawhi Leonard
68%
31 1994 Isiah Thomas
67%
56 2014 Ray Allen
64%
23 2000 Charles Barkley
62%
70 2019 Tony Parker
62%
45 Active Anthony Davis
60%
35 2013 Jason Kidd
60%
58 2018 Manu Ginobili
60%
55 Active Vince Carter
59%
49 2005 Reggie Miller
56%
36 1993 Kevin McHale
55%
37 2002 Patrick Ewing
55%
41 1970 Bob Cousy
54%
72 Active Damian Lillard
52%
54 2017 Paul Pierce
52%
52 2013 Tracy McGrady
52%
38 1965 Bob Pettit
50%
57 1998 Clyde Drexler
50%
22 1972 Elgin Baylor
50%
33 1978 John Havlicek
50%
53 2007 Gary Payton
48%
48 1987 Bill Walton
47%
73 2009 Dikembe Mutombo
47%
51 1994 James Worthy
47%
65 2019 Pau Gasol
47%
61 1997 Robert Parish
47%
34 1956 George Mikan
43%
50 1981 Wes Unseld
43%
44 1984 Elvin Hayes
42%
46 1999 Dominique Wilkins
40%
59 1986 Bob McAdoo
39%
67 1991 Alex English
37%
60 1974 Willis Reed
37%
63 2004 Alonzo Mourning
36%
68 1980 Pete Maravich
36%
39 1979 Walt Frazier
36%
47 1986 George Gervin
35%
43 1980 Rick Barry
33%
69 1993 Bernard King
25%
66 1983 Dave Cowens
25%
74 1988 Artis Gilmore
20%
64 1980 Earl Monroe
20%
71 1984 Bob Lanier
18%
27 Active Giannis Antetokoumpo
16%
No matching quizzes found
Score Distribution
Percent of People with Each Score
Percentile by Number Answered
Your Score History
You have not taken this quiz